00554nam a22001457a 4500008004100000082001600041100001600057110002400073245007900097260005900176300003400235600003100269650006800300700004000368150605b xxu||||| |||| 00| 0 eng d a708bC 824r aCorrea, Leo aRemy Toledo Gallery aReflectionsbPhotograph of paintingscCorrea, Leo; Hernandez, Jose Alberto aSan Jose, Costa RicabServigraficos Grupo Nacionc2004 a43 p.bill. (col)c21.5x28 cm aCorrea, LeonxExhibiciones xPintura-ExhibicionesxFotografia artisticaxRemy Toledo Gallery aLeo Correa; Jose Alberto Hernandez